MARC details
| 000 -LEADER |
| campo de control de longitud fija |
01322nkm a2200301 i 4500 |
| 001 - NÚMERO DE CONTROL |
| campo de control |
C00022287c |
| 005 - FECHA Y HORA DE LA ÚLTIMA TRANSACCIÓN |
| campo de control |
20250707170157.0 |
| 007 - CAMPO FIJO DE DESCRIPCIÓN FÍSICA--INFORMACIÓN GENERAL |
| campo de control de longitud fija |
kloao |
| 008 - DATOS DE LONGITUD FIJA--INFORMACIÓN GENERAL |
| campo de control de longitud fija |
961021s1946 sp 1lzspa d |
| 040 ## - FUENTE DE CATALOGACIÓN |
| Centro/agencia transcriptor |
M-RABA |
| 100 1# - ENTRADA PRINCIPAL--NOMBRE DE PERSONA |
| Nombre de persona |
Muguruza Otaño, Pedro ( |
| Fechas asociadas al nombre |
1893-1952) |
| 9 (RLIN) |
29784 |
| 245 10 - MENCIÓN DEL TÍTULO |
| Título |
Esquema de bloque de viviendas para el Marqués de Zarco |
| Resto del título |
: [Plaza de España c/v Mendizabal] / |
| Mención de responsabilidad, etc. |
El Arquitecto [Pedro Muguruza]. |
| 260 ## - PUBLICACIÓN, DISTRIBUCIÓN, ETC. |
| Fecha de publicación, distribución, etc. |
1946. |
| 300 ## - DESCRIPCIÓN FÍSICA |
| Extensión |
2 planos en papel vegetal : |
| Otras características físicas |
tinta negra ; |
| Dimensiones |
415 x 365 mm y 470 x 405 mm. |
| 500 ## - NOTA GENERAL |
| Nota general |
Escala 1:100. |
| 500 ## - NOTA GENERAL |
| Nota general |
Fechados en : "Madrid-Abril-1946" |
| 500 ## - NOTA GENERAL |
| Nota general |
Contiene : [Planos de superficies] |
| 505 ## - NOTA DE CONTENIDO CON FORMATO |
| Nota de contenido con formato |
Plantas (Pl-3166; Pl-3167) |
| 561 ## - PROPIEDAD E HISTORIA DE CUSTODIA/NOTA DE PROCEDENCIA |
| Historial |
Legado Muguruza. |
| 650 #4 - PUNTO DE ACCESO ADICIONAL DE MATERIA--TÉRMINO DE MATERIA |
| Término de materia o nombre geográfico como elemento de entrada |
Viviendas- |
| Subdivisión geográfica |
España- |
| -- |
Madrid- |
| Subdivisión de forma |
Dibujos y Planos. |
| 9 (RLIN) |
78876 |
| 852 42 - LOCALIZACIÓN |
| Número de control de estantería |
Pl-3166, Pl-3167 |
| 856 ## - LOCALIZACIÓN Y ACCESO ELECTRÓNICOS |
| Identificador Uniforme de Recurso |
<a href="https://archivoybiblioteca.realacademiabellasartessanfernando.com/cgi-bin/koha/opac-retrieve-file.pl?id=e36d4344a23dd63b12a2d4a0df849ff8">https://archivoybiblioteca.realacademiabellasartessanfernando.com/cgi-bin/koha/opac-retrieve-file.pl?id=e36d4344a23dd63b12a2d4a0df849ff8</a> |
| 856 ## - LOCALIZACIÓN Y ACCESO ELECTRÓNICOS |
| Identificador Uniforme de Recurso |
<a href="https://archivoybiblioteca.realacademiabellasartessanfernando.com/media/Pl 3167_02975.JPG">https://archivoybiblioteca.realacademiabellasartessanfernando.com/media/Pl 3167_02975.JPG</a> |
| Nota pública |
Pl 3167_02975.JPG_ocultar |
| 856 ## - LOCALIZACIÓN Y ACCESO ELECTRÓNICOS |
| Identificador Uniforme de Recurso |
<a href="https://archivoybiblioteca.realacademiabellasartessanfernando.com/media/Pl 3166_02974.JPG">https://archivoybiblioteca.realacademiabellasartessanfernando.com/media/Pl 3166_02974.JPG</a> |
| Nota pública |
Pl 3166_02974.JPG_ocultar |
| 942 ## - ELEMENTOS DE ENTRADA SECUNDARIOS (KOHA) |
| Tipo de ítem Koha |
Mapas y planos |